Chile 1973-1990: la dictadura de Pinochet

Uloženo v:
Podrobná bibliografie
Hlavní autoři: Hoppe Guiñez, Carlos Emilio (Autor), López Espinoza, Héctor Lindor (Autor), Pérez Ramírez, Claudio Fernando (Autor)
Další autoři: Montecino Slaughter, Marcelo Tomás (autor)
Médium: Kniha
Jazyk:španělština
Vydáno: Santiago Lom 2013
Vydání:1a. ed
Edice:Colección Mal de Ojo. Cazador de Sombras
Témata:
Tagy: Přidat tag
Žádné tagy, Buďte první, kdo vytvoří štítek k tomuto záznamu!

MARC

LEADER 00000cam a2200000 a 4500
001 UCE1584
003 CL-VaPUC
008 140502e20130000cl |||||||||||||||||spa|d
020 |a 9789560004628 
082 0 4 |a 770.983065  |b HOP  |2 21 
100 0 |a Hoppe Guiñez, Carlos Emilio  |e author  |9 573918 
700 0 |a López Espinoza, Héctor Lindor  |e author  |9 573919 
700 |a Montecino Slaughter, Marcelo Tomás  |e autor  |9 573920 
700 0 |a Pérez Ramírez, Claudio Fernando  |e author  |9 573921 
245 1 0 |a Chile 1973-1990: la dictadura de Pinochet 
250 |a 1a. ed 
300 |a 96 p 
942 |c BK 
945 |d 20140502 10:02:00  |a dcastane 
260 |a Santiago  |b Lom  |c 2013 
600 0 |a Pinochet Ugarte, Augusto,  |e 1915-2006  |9 374419 
650 0 |a Historia de Chile siglo 20  |9 268145 
650 0 |a Dictadura militar  |9 389291 
650 0 |a Gobierno militar   |9 316360 
650 0 |a Fotografías  |9 268494 
583 |a last modification  |c 20140502 10:02:00  |k Rodrigo Vera 
490 0 |a Colección Mal de Ojo. Cazador de Sombras 
999 |c 355329  |d 355327 
952 |0 0  |1 0  |3 erd  |4 0  |6 770_983065000000000_HOP_2013  |7 0  |8 R  |9 462008  |a BIBART  |b BIBART  |i 5073030  |l 1  |o 770.983065 HOP 2013  |p 5073030  |r 2025-03-13  |s 2022-04-20  |w 2019-11-23  |y BK_R  |z Catalogado en:20140502  |k ART